| 000 | 01041nam a2200301 i 4500 | ||
|---|---|---|---|
| 001 | bg | ||
| 100 | 1 | _aSOROS, George | |
| 245 | 1 | 0 |
_aSoros o sobie : _bna zakręcie / _cGeorge Soros ; współpr. Byron Wien & Krisztina Koenen ; przekł. [z ang.] Ryszard Szaflarski. |
| 246 |
_iTyt. oryg.: _aSoros on Soros : staying ahead of the curve |
||
| 260 |
_aWarszawa : _bWydaw. Naukowe PWN, _c1998. |
||
| 300 |
_a318, [2] s. : _b1 wykr. ; _c21 cm. |
||
| 500 | _aOryg. : "Soros on Soros : staying ahead of the curve". | ||
| 504 | _aIndeks. | ||
| 600 | 1 | 9 | _aSoros, George (1930- ) |
| 650 | 9 |
_aFinanse _zStany Zjednoczone _yod 1945 r. |
|
| 650 | 9 |
_aInwestycje _xod 1945 r. |
|
| 650 | 9 |
_aPublicystyka amerykańska _yod 1989 r. |
|
| 655 | _aPublicystyka | ||
| 700 | 1 | _aWIEN, Byron. | |
| 700 | 1 | _aKOENEN, Krisztina. | |
| 020 | _a8301125292 | ||
| 040 | _cBPK | ||
| 041 | 1 |
_apl _hen |
|
| 080 | _a336:330.322:929-058.32-052(=411.16)A/Z](73)"19"(047.53) | ||
| 920 | _a83-01-12529-2 | ||
| 942 | _cKS | ||
| 008 | s pl f |000 0 pol | ||
| 999 |
_c34313 _d34313 |
||
| 856 |
_uhttp://koha.tu.koszalin.pl/cgi-bin/koha/opac-detail.pl?biblionumber=34313 _yKatalog online BPK |
||